Aplikácia medzinárodného práva v kybernetickom priestore
Vymedzenie kybernetického priestoru a medzinárodného práva. Vzťah kybernetického priestoru a medzinárodného práva.
Na minha lista:
| Autor principal: | |
|---|---|
| Formato: | Capítulo de Livro |
| Idioma: | eslovaco |
| Assuntos: | |
| Tags: |
Sem tags, seja o primeiro a adicionar uma tag!
|
MARC
| LEADER | 00000naa a2200000 4500 | ||
|---|---|---|---|
| 001 | 0253208 | ||
| 005 | 20220719123959.8 | ||
| 041 | 0 | |a slo | |
| 044 | |a SK | ||
| 245 | 1 | 0 | |a Aplikácia medzinárodného práva v kybernetickom priestore |c Jozef Valuch |
| 520 | |a Vymedzenie kybernetického priestoru a medzinárodného práva. Vzťah kybernetického priestoru a medzinárodného práva. | ||
| 610 | 2 | 0 | |a právo medzinárodné |
| 610 | 2 | 0 | |a siete počítačové |
| 610 | 2 | 0 | |a digitalizácia |
| 610 | 2 | 0 | |a technológie nové |
| 610 | 2 | 0 | |a technológie informačné |
| 610 | 2 | 0 | |a technológie komunikačné |
| 610 | 2 | 0 | |a prostredie virtuálne |
| 100 | 1 | |a Valuch, Jozef | |